000 00330nam a22001217a 4500
003 SGT
082 _a070
_bH99N
100 _aनारायण, विनीत
245 _aहवाला के देश द्रोही
260 _bअरुणोदय प्रकाशन
_c1999
300 _a295
942 _2ddc
_cBK
999 _c31957
_d31957